Digital Logic and Computer Design (Record no. 3658)

MARC details
000 -LEADER
fixed length control field 00367nam a2200157Ia 4500
008 - FIXED-LENGTH DATA ELEMENTS--GENERAL INFORMATION
fixed length control field 191201s2008 xx 000 0 und d
020 ## - INTERNATIONAL STANDARD BOOK NUMBER
International Standard Book Number 9788120304178
082 ## - DEWEY DECIMAL CLASSIFICATION NUMBER
Classification number 005.131
Item number MAD
100 ## - MAIN ENTRY--PERSONAL NAME
Personal name MORRISMANO, M.
245 #0 - TITLE STATEMENT
Title Digital Logic and Computer Design
250 ## - EDITION STATEMENT
Edition statement Rep.
260 ## - PUBLICATION, DISTRIBUTION, ETC. (IMPRINT)
Place of publication, distribution, etc N.Delhi
Name of publisher, distributor, etc PHI
Date of publication, distribution, etc 2008
300 ## - PHYSICAL DESCRIPTION
Extent 612
650 ## - SUBJECT ADDED ENTRY--TOPICAL TERM
Topical term or geographic name as entry element MCA
942 ## - ADDED ENTRY ELEMENTS (KOHA)
Source of classification or shelving scheme Dewey Decimal Classification
Koha item type Text Books
Holdings
Withdrawn status Lost status Source of classification or shelving scheme Damaged status Not for loan Collection code Home library Current library Date acquired Source of acquisition Cost, normal purchase price Bill Number Total Checkouts Full call number Acc. no. / Barcode Date last seen Bill Date Koha item type Date last borrowed
    Dewey Decimal Classification     MCA PIET C-LIBRARY PIET C-LIBRARY 19/12/2008 J B C, New Delhi 250.00 SI-4643   621.395 MAD 10462 04/12/2019 11/12/2008 Text Books  
    Dewey Decimal Classification     MCA PIET C-LIBRARY PIET C-LIBRARY 19/12/2008 J B C, New Delhi 250.00 SI-4643 4 621.395 MAD 10463 11/10/2024 11/12/2008 Text Books 01/10/2024
    Dewey Decimal Classification     MCA PIET C-LIBRARY PIET C-LIBRARY 19/12/2008 J B C, New Delhi 250.00 SI-4643 2 621.395 MAD 10464 30/01/2024 11/12/2008 Text Books 08/01/2024
    Dewey Decimal Classification     MCA PIET C-LIBRARY PIET C-LIBRARY 19/12/2008 J B C, New Delhi 250.00 SI-4643 2 621.395 MAD 10465 10/10/2024 11/12/2008 Text Books 01/10/2024
    Dewey Decimal Classification     MCA PIET C-LIBRARY PIET C-LIBRARY 19/12/2008 J B C, New Delhi 250.00 SI-4643 1 621.395 MAD 10466 15/10/2024 11/12/2008 Text Books 01/10/2024
    Dewey Decimal Classification     MCA PIET C-LIBRARY PIET C-LIBRARY 19/12/2008 J B C, New Delhi 250.00 SI-4643 5 621.395 MAD 10467 21/11/2024 11/12/2008 Text Books 07/11/2024
    Dewey Decimal Classification     MCA PIET C-LIBRARY PIET C-LIBRARY 19/12/2008 J B C, New Delhi 250.00 SI-4643 5 621.395 MAD 10468 18/09/2025 11/12/2008 Text Books 04/09/2025
    Dewey Decimal Classification     MCA PIET C-LIBRARY PIET C-LIBRARY 19/12/2008 J B C, New Delhi 250.00 SI-4643 1 621.395 MAD 10469 01/02/2024 11/12/2008 Text Books 25/01/2024
    Dewey Decimal Classification     MCA PIET C-LIBRARY PIET C-LIBRARY 19/12/2008 J B C, New Delhi 250.00 SI-4643 2 621.395 MAD 10470 04/12/2025 11/12/2008 Text Books 19/11/2025
    Dewey Decimal Classification     MCA PIET C-LIBRARY PIET C-LIBRARY 19/12/2008 J B C, New Delhi 250.00 SI-4643   621.395 MAD 10471 04/12/2019 11/12/2008 Text Books  

Design & Developed by: PIET Central Library
R70 Miles Stone Pattikalyana Samalkha Panipat 132102
mail ID :- [email protected], Phone No:- 0180-2569700 Ex.216